000 00491nam a2200193Ia 4500
008 101110s9999 xx 000 0 und d
041 _aENGLISH
082 _bSR4917
_a535.84
100 _aWillard H.H., Merritt L.L.
245 _aInstrumental Methods of Analysis
365 _b15
520 _aPhysics
546 _aENGLISH
630 _aInstrumental Methods of Analysis
650 _aPhysics
655 _aPhysics
730 _aInstrumental Methods of Analysis
942 _cBOOK
999 _c801046
_d801043